| 000 | 00491caa a22002172a 4500 | ||
|---|---|---|---|
| 001 | 000015 | ||
| 003 | AR-FADEU | ||
| 008 | 311216n############xxu####################dd | ||
| 092 | _aPP(361)TRA | ||
| 100 | _aSamuniski, Fanny | ||
| 700 | _aMazzotti, Mariela | ||
| 245 | _bMaternidad y violencia ideológica | ||
| 245 | _aTrabajo social | ||
| 300 | _a18-20 | ||
| 440 | _vaño 1 | ||
| 440 | _n4 | ||
| 260 | _cfeb 1987 | ||
| 650 | _aFAMILIA | ||
| 650 | _aVIOLENCIA | ||
| 942 | _cPPGR | ||
| 999 |
_c2793 _d2793 |
||